<?xml version="1.0" encoding="UTF-8"?>
<record
    xmlns:xsi="http://www.w3.org/2001/XMLSchema-instance"
    xsi:schemaLocation="http://www.loc.gov/MARC21/slim http://www.loc.gov/standards/marcxml/schema/MARC21slim.xsd"
    xmlns="http://www.loc.gov/MARC21/slim">

  <leader>00403nam a22001217a 4500</leader>
  <datafield tag="040" ind1=" " ind2=" ">
    <subfield code="c">RUA</subfield>
  </datafield>
  <datafield tag="082" ind1=" " ind2=" ">
    <subfield code="a">A225 &#x1794;&#x17D2;&#x179A;&#x17B6;&#x1787;&#x17D2;&#x1789; 2018&#x200B; C160 Or.1</subfield>
  </datafield>
  <datafield tag="100" ind1=" " ind2=" ">
    <subfield code="a">&#x1794;&#x17D2;&#x179A;&#x17B6;&#x1787;&#x17D2;&#x1789; &#x179C;&#x17B7;&#x1787;&#x17D0;&#x1799;</subfield>
  </datafield>
  <datafield tag="245" ind1=" " ind2=" ">
    <subfield code="a">The Jew Secret, &#x17A2;&#x17B6;&#x1790;&#x17CC;&#x1780;&#x17C6;&#x1794;&#x17B6;&#x17C6;&#x1784;&#x179A;&#x1794;&#x179F;&#x17CB;&#x1787;&#x17D2;&#x179C;&#x17B8;&#x17A0;&#x17D2;&#x179C;</subfield>
  </datafield>
  <datafield tag="260" ind1=" " ind2=" ">
    <subfield code="a">PHNOM PENh</subfield>
    <subfield code="b">RUA</subfield>
    <subfield code="c">2018</subfield>
  </datafield>
  <datafield tag="300" ind1=" " ind2=" ">
    <subfield code="a">178p.</subfield>
    <subfield code="b">ill.</subfield>
    <subfield code="c">22cm.</subfield>
  </datafield>
  <datafield tag="942" ind1=" " ind2=" ">
    <subfield code="c">&#x17A2;&#x1797;&#x17B7;&#x179C;&#x178C;&#x17D2;&#x178D;&#x1793;&#x17CD;</subfield>
  </datafield>
  <datafield tag="999" ind1=" " ind2=" ">
    <subfield code="c">25673</subfield>
    <subfield code="d">25673</subfield>
  </datafield>
  <datafield tag="952" ind1=" " ind2=" ">
    <subfield code="0">0</subfield>
    <subfield code="1">0</subfield>
    <subfield code="4">0</subfield>
    <subfield code="6">A_225_000000000000000_&#x1794;&#x179A;&#x17B6;&#x1787;&#x1789;_2018_C160_OR_1</subfield>
    <subfield code="7">0</subfield>
    <subfield code="9">106187</subfield>
    <subfield code="a">LBC</subfield>
    <subfield code="b">LBC</subfield>
    <subfield code="c">C160</subfield>
    <subfield code="d">2026-04-06</subfield>
    <subfield code="o">A225 &#x1794;&#x17D2;&#x179A;&#x17B6;&#x1787;&#x17D2;&#x1789; 2018&#x200B; C160 Or.1</subfield>
    <subfield code="p">B7121079</subfield>
    <subfield code="r">2026-04-06</subfield>
    <subfield code="y">&#x17A2;&#x1797;&#x17B7;&#x179C;&#x178C;&#x17D2;&#x178D;&#x1793;&#x17CD;</subfield>
  </datafield>
</record>
